Íróvendégek [rövid hír]
Elmentve itt :
| Dokumentumtípus: | Cikk |
|---|---|
| Megjelent: |
1970-06-12
|
| Sorozat: | Délmagyarország
60 No. 136 |
| Kulcsszavak: | Lászlóffy Aladár, Páskándi Géza, Tirziu, Alexandra, Havasi Zoltán, Kulturális kapcsolatok magyar-román, magyar írók Szegeden |
| Online Access: | http://dmarchiv.bibl.u-szeged.hu/74673 |
| LEADER | 00523nab a2200145 i 4500 | ||
|---|---|---|---|
| 001 | delm74673 | ||
| 005 | 20180928082555.0 | ||
| 008 | 180928s1970 hu o 0|| hun d | ||
| 040 | |a SZTE Délmagyarország Archívum |b hun | ||
| 041 | |a hun | ||
| 245 | 0 | 0 | |a Íróvendégek |h [elektronikus dokumentum] : |b [rövid hír] |
| 260 | |c 1970-06-12 | ||
| 300 | |a 7 | ||
| 490 | 0 | |a Délmagyarország |v 60 No. 136 | |
| 695 | |a Lászlóffy Aladár, Páskándi Géza, Tirziu, Alexandra, Havasi Zoltán, Kulturális kapcsolatok magyar-román, magyar írók Szegeden | ||